[Event "Jastrzebie Zdroj op"]
[Site "Jastrzebie Zdroj"]
[Date "2022.11.25"]
[Round "8"]
[White "Dawidow, Jacek"]
[Black "Drabiniok, Kazimierz"]
[Result "1-0"]
[WhiteElo "2252"]
[BlackElo "1813"]
[PlyCount "127"]
[EventDate "2022.11.19"]
[EventType "swiss"]
[EventRounds "9"]
[EventCountry "POL"]
[SourceTitle "CBM 211 Extra"]
[Source "ChessBase"]
[SourceDate "2023.01.31"]
[SourceVersion "1"]
[SourceVersionDate "2023.01.31"]
[SourceQuality "1"]

1. d4 d5 2. Nf3 Nf6 3. c4 c6 4. Qc2 g6 5. e3 Bf5 6. Qb3 Qc7 7. Nc3 e6 8. Nh4 Nbd7 9. f3 h5 10. Bd2 Be7 11. g3 Nb6 12. cxd5 Nfxd5 13. e4 Nxc3 14. bxc3 g5 15. Nxf5 exf5 16. exf5 h4 17. gxh4 Rxh4 18. 0-0-0 0-0-0 19. Bc4 Nd5 20. h3 f6 21. Rde1 b5 22. Bxd5 Rxd5 23. Re4 Qd6 24. Rhe1 Qa3+ 25. Kc2 Qxb3+ 26. axb3 Bd8 27. Rxh4 gxh4 28. Rg1 Rxf5 29. f4 Rh5 30. Rg7 a5 31. c4 bxc4 32. bxc4 Bc7 33. Kd3 a4 34. c5 a3 35. Kc2 Rd5 36. Be3 Rf5 37. Rg4 Rh5 38. Kb3 Rh8 39. Kxa3 Re8 40. Bf2 Re2 41. Bxh4 Re3+ 42. Kb4 Rf3 43. Bg3 Kb7 44. Kc4 Ba5 45. d5 Rc3+ 46. Kd4 cxd5 47. Kxd5 Bb4 48. Bf2 Rd3+ 49. Kc4 Rf3 50. Bd4 Bd2 51. Bxf6 Bxf4 52. h4 Bd2 53. Bd4 Rf5 54. Rg7+ Kc6 55. Rg6+ Kc7 56. Kd3 Bb4 57. Rg5 Rf3+ 58. Kc4 Bd2 59. Rg7+ Kc8 60. c6 Rh3 61. Be5 Rxh4+ 62. Kd5 Ba5 63. Rg8+ Bd8 64. Rxd8+ 1-0

[Event "CZE-chT1E 1011"]
[Site "Czech Republic"]
[Date "2011.02.27"]
[Round "9.4"]
[White "Roubalik, Jakub"]
[Black "Dawidow, Jacek"]
[Result "1/2-1/2"]
[WhiteElo "2275"]
[BlackElo "2285"]
[PlyCount "101"]
[EventDate "2010.10.10"]
[EventType "team-tourn"]
[EventRounds "11"]
[EventCountry "CZE"]
[SourceTitle "EXT 2012"]
[Source "ChessBase"]
[SourceDate "2011.11.24"]
[SourceVersion "1"]
[SourceVersionDate "2011.11.24"]
[SourceQuality "1"]
[WhiteTeam "Zlin II"]
[BlackTeam "Orlova Slavia"]
[WhiteTeamCountry "CZE"]
[BlackTeamCountry "CZE"]

1. d4 Nf6 2. c4 g6 3. Nc3 Bg7 4. e4 d6 5. Nge2 c6 6. Ng3 e5 7. d5 h5 8. h4 0-0 9. Bg5 cxd5 10. cxd5 a6 11. Bd3 Nbd7 12. 0-0 Qe8 13. Nge2 Nh7 14. Be3 f5 15. exf5 gxf5 16. f3 Qg6 17. Qd2 Kh8 18. Kh1 Rg8 19. Rg1 Qf6 20. Bg5 Qf7 21. Be3 Ndf8 22. Bf2 Bd7 23. Ng3 b5 24. a3 Rc8 25. Qc2 e4 26. fxe4 f4 27. Nf5 Bxf5 28. exf5 Be5 29. Qe2 Nf6 30. Ne4 N8h7 31. Rac1 Rce8 32. Qf3 Rg4 33. Rge1 Nxe4 34. Bxe4 Nf6 35. Qd3 Nxe4 36. Qxe4 Qf6 37. Re2 Reg8 38. Be1 Kh7 39. Rc7+ Kh6 40. Kg1 Rf8 41. Bc3 Re8 42. Rc6 Bd4+ 43. Bxd4 Rxe4 44. Rxe4 Qxf5 45. Rxd6+ Rg6 46. Ree6 Rxe6 47. Rxe6+ Kh7 48. Re7+ Kh6 49. Re6+ Kh7 50. Re7+ Kh6 51. Re6+ 1/2-1/2

[Event "CZE-chT1E 1011"]
[Site "Czech Republic"]
[Date "2010.10.24"]
[Round "2.3"]
[White "Dawidow, Jacek"]
[Black "Haba, Zdenek"]
[Result "0-1"]
[WhiteElo "2285"]
[BlackElo "2282"]
[PlyCount "88"]
[EventDate "2010.10.10"]
[EventType "team-tourn"]
[EventRounds "11"]
[EventCountry "CZE"]
[SourceTitle "EXT 2012"]
[Source "ChessBase"]
[SourceDate "2011.11.24"]
[SourceVersion "1"]
[SourceVersionDate "2011.11.24"]
[SourceQuality "1"]
[WhiteTeam "Orlova Slavia"]
[BlackTeam "Jihlava Gordic"]
[WhiteTeamCountry "CZE"]
[BlackTeamCountry "CZE"]

1. d4 Nf6 2. c4 c5 3. d5 b5 4. cxb5 a6 5. b6 g6 6. a4 Qxb6 7. a5 Qb7 8. Nc3 d6 9. e4 Bg7 10. Bc4 0-0 11. Qd3 Bd7 12. Nf3 Bb5 13. Nxb5 axb5 14. Bxb5 Nxe4 15. a6 Qb6 16. a7 Rxa7 17. Rxa7 Qxa7 18. 0-0 Nf6 19. Rd1 Rc8 20. b3 Ng4 21. Qe4 Nf6 22. Qe2 Qb7 23. Bc4 Rc7 24. h3 Bf8 25. Bd2 Qa8 26. g4 Ra7 27. Bc3 Nbd7 28. Ng5 h6 29. Nxf7 Kxf7 30. Qe6+ Kg7 31. f4 Kh7 32. g5 hxg5 33. fxg5 Nh5 34. Qf7+ Bg7 35. Bd3 Nf8 36. Bxg7 Nxg7 37. Rf1 e6 38. Qxf8 Qxd5 39. Bxg6+ Kxg6 40. Rf6+ Kxg5 41. h4+ Kxh4 42. Rh6+ Kg4 43. Rg6+ Kh5 44. Rg2 Ra1+ 0-1

[Event "POL-chT 2nd League"]
[Site "Miedzyzdroje"]
[Date "2009.09.12"]
[Round "1"]
[White "Dawidow, Jacek"]
[Black "Komorzycki, Jakub"]
[Result "1-0"]
[WhiteElo "2302"]
[BlackElo "2128"]
[PlyCount "67"]
[EventDate "2009.09.12"]
[EventType "team-swiss"]
[EventRounds "9"]
[EventCountry "POL"]
[SourceTitle "EXT 2019"]
[Source "ChessBase"]
[SourceDate "2018.10.10"]
[SourceVersion "1"]
[SourceVersionDate "2018.10.10"]
[SourceQuality "1"]
[WhiteTeam "Gliwice Politechnika Slaska"]
[BlackTeam "Deblin Czarni"]
[WhiteTeamCountry "POL"]
[BlackTeamCountry "POL"]

1. d4 Nf6 2. c4 d6 3. Nc3 g6 4. e4 Bg7 5. Nge2 0-0 6. Ng3 e5 7. d5 Nbd7 8. Be2 a5 9. 0-0 h6 10. Rb1 Nh7 11. Qc2 h5 12. h3 h4 13. Nh1 f5 14. exf5 gxf5 15. f4 e4 16. Be3 Kh8 17. Nb5 Rg8 18. Bh5 Bf6 19. Bf7 Rg7 20. Be6 Ndf8 21. Bxc8 Rxc8 22. Nd4 Qd7 23. Qe2 c5 24. dxc6 bxc6 25. Qh5 Rg6 26. Nxf5 Qf7 27. Qe2 Qd7 28. Qh5 Qf7 29. g4 Qxc4 30. Nxd6 Qd3 31. Qc5 Ne6 32. Qa3 Rb8 33. Qxd3 exd3 34. f5 1-0

[Event "CZE-chT1E 0809"]
[Site "Czech Republic"]
[Date "2008.11.29"]
[Round "8.1"]
[White "Dawidow, Jacek"]
[Black "Klima, Lukas"]
[Result "1/2-1/2"]
[WhiteElo "2314"]
[BlackElo "2404"]
[PlyCount "47"]
[EventDate "2008.11.08"]
[EventType "team-tourn"]
[EventRounds "11"]
[EventCountry "CZE"]
[SourceTitle "EXT 2010"]
[Source "ChessBase"]
[SourceDate "2010.11.25"]
[SourceVersion "1"]
[SourceVersionDate "2010.11.25"]
[SourceQuality "1"]
[WhiteTeam "Orlova Slavia"]
[BlackTeam "Ostrava Mittal"]
[WhiteTeamCountry "CZE"]
[BlackTeamCountry "CZE"]

1. d4 Nf6 2. c4 g6 3. Nc3 d5 4. Nf3 Bg7 5. Bg5 Ne4 6. cxd5 Nxg5 7. Nxg5 e6 8. Nf3 exd5 9. b4 a5 10. b5 0-0 11. e3 Re8 12. Be2 Bf8 13. 0-0 Be6 14. Ne5 Nd7 15. Nd3 Bd6 16. Bf3 Nf6 17. Nc5 b6 18. Nxe6 fxe6 19. Qb3 Kh8 20. g3 Qe7 21. Bg2 Rf8 22. Rac1 Rf7 23. e4 dxe4 24. Nxe4 1/2-1/2

[Event "POL-chT 2nd League"]
[Site "Ustron"]
[Date "2008.09.06"]
[Round "1.14"]
[White "Michniewski, Tomasz"]
[Black "Dawidow, Jacek"]
[Result "0-1"]
[WhiteElo "2227"]
[BlackElo "2306"]
[PlyCount "64"]
[EventDate "2008.09.06"]
[EventType "team-swiss"]
[EventRounds "9"]
[EventCountry "POL"]
[SourceTitle "EXT 2015"]
[Source "ChessBase"]
[SourceDate "2014.11.20"]
[SourceVersion "1"]
[SourceVersionDate "2014.11.20"]
[SourceQuality "1"]
[WhiteTeam "Milanowek UKS Jedwabnik"]
[BlackTeam "Gliwice Politechnika Slaska"]
[WhiteTeamCountry "POL"]
[BlackTeamCountry "POL"]

1. d4 Nf6 2. c4 e6 3. Nf3 b6 4. Nc3 Bb4 5. Bg5 Bb7 6. e3 h6 7. Bh4 g5 8. Bg3 Ne4 9. Nd2 Nxc3 10. bxc3 Bxc3 11. Rc1 Bb4 12. h4 gxh4 13. Rxh4 Nc6 14. Bd3 Qe7 15. d5 Na5 16. Rf4 f5 17. Kf1 Bd6 18. Bh4 Qf7 19. Be2 0-0 20. Ne4 Be5 21. Rf3 Kh8 22. Nc3 Rg8 23. Rh3 Qg7 24. Rg3 Bxg3 25. Bxg3 e5 26. Bf3 d6 27. e4 f4 28. Bh4 Bc8 29. Ne2 Bg4 30. Ng1 Raf8 31. Nh3 Bxf3 32. Qxf3 Qg4 0-1

[Event "POL-chT1"]
[Site "Chotowa"]
[Date "2007.09.05"]
[Round "3"]
[White "Dawidow, Jacek"]
[Black "Talla, Vladimir"]
[Result "0-1"]
[WhiteElo "2357"]
[BlackElo "2430"]
[PlyCount "98"]
[EventDate "2007.09.03"]
[EventType "team"]
[EventRounds "9"]
[EventCountry "POL"]
[SourceTitle "EXT 2009"]
[Source "ChessBase"]
[SourceDate "2008.11.26"]
[SourceVersion "1"]
[SourceVersionDate "2008.11.26"]
[SourceQuality "1"]

1. e4 e5 2. Nf3 Nc6 3. Bc4 Nf6 4. d3 Be7 5. Bb3 0-0 6. 0-0 d6 7. c3 Na5 8. Bc2 c5 9. Re1 Qc7 10. Nbd2 Be6 11. Nf1 Rad8 12. Qe2 Nc6 13. Ng3 h6 14. Nf5 Bxf5 15. exf5 Rfe8 16. h3 d5 17. Nh2 b5 18. Ng4 c4 19. a4 a6 20. axb5 axb5 21. dxc4 bxc4 22. Ba4 e4 23. Be3 Nxg4 24. hxg4 Rf8 25. Bxc6 Qxc6 26. Bd4 Bg5 27. Ra5 Ra8 28. Rc5 Qb7 29. f6 gxf6 30. g3 Ra2 31. Rb1 Rc8 32. Rxc8+ Qxc8 33. f4 exf3 34. Qxf3 Qe6 35. Kf1 Qc6 36. Qf5 Kg7 37. Qf3 Qb7 38. Qe2 Qa8 39. Kg2 Ra1 40. Rxa1 Qxa1 41. Qc2 Qc1 42. Qa4 Qxb2+ 43. Kf3 Qd2 44. Qd7 Qe1 45. Kg2 Qe2+ 46. Kh3 Qe6 47. Qd8 Be3 48. Bxe3 Qxe3 49. Qxd5 Qxc3 0-1

[Event "POL-chT 1st League"]
[Site "Opole"]
[Date "2006.09.08"]
[Round "7"]
[White "Kuzmicz, Krystian"]
[Black "Dawidow, Jacek"]
[Result "1/2-1/2"]
[WhiteElo "2375"]
[BlackElo "2337"]
[PlyCount "29"]
[EventDate "2006.09.01"]
[EventType "team-tourn"]
[EventRounds "9"]
[EventCountry "POL"]
[SourceTitle "CBM 114 Extra"]
[Source "ChessBase"]
[SourceDate "2006.11.03"]
[SourceVersion "1"]
[SourceVersionDate "2006.11.03"]
[SourceQuality "1"]
[WhiteTeam "Rzeszow Zelmer"]
[BlackTeam "Gliwice Politechnika Slaska"]
[WhiteTeamCountry "POL"]
[BlackTeamCountry "POL"]

1. e4 c5 2. d3 e6 3. g3 d5 4. Nd2 Nc6 5. Bg2 g6 6. Ne2 Bg7 7. 0-0 Nge7 8. f4 0-0 9. c3 Rb8 10. Nf3 dxe4 11. dxe4 Qxd1 12. Rxd1 b6 13. e5 Ba6 14. Kf2 f6 15. exf6 1/2-1/2

[Event "CZE-chT1 East 0506"]
[Site "Czech Republic"]
[Date "2006.02.19"]
[Round "8.1"]
[White "Dawidow, Jacek"]
[Black "Sergeev, Vladimir"]
[Result "0-1"]
[WhiteElo "2338"]
[BlackElo "2472"]
[PlyCount "62"]
[EventDate "2005.10.23"]
[EventType "team"]
[EventRounds "11"]
[EventCountry "CZE"]
[SourceTitle "EXT 2008"]
[Source "ChessBase"]
[SourceDate "2007.11.25"]
[SourceVersion "1"]
[SourceVersionDate "2007.11.25"]
[SourceQuality "1"]

1. e4 Nf6 2. e5 Nd5 3. d4 d6 4. f4 dxe5 5. fxe5 c5 6. c3 Nc6 7. a3 cxd4 8. cxd4 Qa5+ 9. b4 Qd8 10. b5 Na5 11. Bd2 Bf5 12. Nf3 Rc8 13. Ra2 e6 14. Rb2 Nc4 15. Bxc4 Rxc4 16. 0-0 Be7 17. Qe2 Rc7 18. Qf2 0-0 19. Qg3 b6 20. Bg5 Bxg5 21. Nxg5 Nc3 22. Nf3 Nxb1 23. Rfxb1 Bxb1 24. Rxb1 Rc3 25. a4 Qc7 26. Qf4 Rc8 27. Rf1 Rc1 28. Qh4 Rxf1+ 29. Kxf1 h6 30. h3 Qc1+ 31. Kf2 Rc2+ 0-1

[Event "CZE-chT1 East 0506"]
[Site "Czech Republic"]
[Date "2006.02.05"]
[Round "7.1"]
[White "Sosna, Jan"]
[Black "Dawidow, Jacek"]
[Result "1/2-1/2"]
[WhiteElo "2414"]
[BlackElo "2338"]
[PlyCount "174"]
[EventDate "2005.10.23"]
[EventType "team"]
[EventRounds "11"]
[EventCountry "CZE"]
[SourceTitle "EXT 2008"]
[Source "ChessBase"]
[SourceDate "2007.11.25"]
[SourceVersion "1"]
[SourceVersionDate "2007.11.25"]
[SourceQuality "1"]

1. d4 Nf6 2. Nf3 d5 3. Bf4 c5 4. e3 Nc6 5. c3 e6 6. Nbd2 Bd6 7. Bxd6 Qxd6 8. Bb5 0-0 9. 0-0 Bd7 10. a4 a6 11. Bxc6 bxc6 12. Qc2 Rfb8 13. Rfe1 Be8 14. e4 Nd7 15. dxc5 Qxc5 16. b4 Qd6 17. Nb3 f6 18. Qd2 e5 19. Nh4 g6 20. Rab1 Bf7 21. Nf3 Qf8 22. Qe3 dxe4 23. Qxe4 Bd5 24. Qe3 Qf7 25. Nfd2 Rc8 26. Na5 c5 27. c4 Be6 28. Nb7 Qe7 29. Ne4 cxb4 30. c5 Rc7 31. Rxb4 Bd5 32. Rc1 f5 33. Nc3 Bc6 34. h4 a5 35. Rb2 Qxh4 36. Nd6 Qg4 37. f3 Qd4 38. Qxd4 exd4 39. Ncb5 Bxb5 40. Nxb5 Rxc5 41. Rd1 Rc4 42. Rxd4 Rxd4 43. Nxd4 Nc5 44. Nc6 Nxa4 45. Rb5 Nc3 46. Rc5 Ne2+ 47. Kf2 Nf4 48. Rxa5 Rxa5 49. Nxa5 Kf7 50. g3 Nd5 51. Nc4 f4 52. g4 Kf6 53. Nd6 Nc3 54. Nc4 Ke6 55. Nb2 Kd5 56. Nd3 g5 57. Nb4+ Kc5 58. Nd3+ Kd4 59. Nb4 Nb5 60. Nc6+ Kd5 61. Nb4+ Kc5 62. Nd3+ Kd4 63. Nb4 Ke5 64. Nd3+ Kf6 65. Nc5 Kg6 66. Nd3 Nd4 67. Ne5+ Kf6 68. Nd3 Nc6 69. Nc5 Kg6 70. Nd3 h5 71. gxh5+ Kxh5 72. Nc5 Nd4 73. Ne4 Kh4 74. Kg2 Nc2 75. Kf2 Ne3 76. Nc3 g4 77. fxg4 Kxg4 78. Ne4 Nd5 79. Nd2 Nc3 80. Nc4 Ne4+ 81. Kf1 Kg3 82. Ne5 Nd2+ 83. Ke2 Nb3 84. Kf1 Nc5 85. Ng6 f3 86. Ne5 f2 87. Ng4 Kxg4 1/2-1/2

[Event "CZE-chT1 East 0506"]
[Site "Czech Republic"]
[Date "2005.11.27"]
[Round "3.1"]
[White "Lanc, Alois"]
[Black "Dawidow, Jacek"]
[Result "1-0"]
[WhiteElo "2445"]
[BlackElo "2338"]
[PlyCount "55"]
[EventDate "2005.10.23"]
[EventType "team"]
[EventRounds "11"]
[EventCountry "CZE"]
[SourceTitle "EXT 2008"]
[Source "ChessBase"]
[SourceDate "2007.11.25"]
[SourceVersion "1"]
[SourceVersionDate "2007.11.25"]
[SourceQuality "1"]

1. e4 d5 2. exd5 Qxd5 3. Nc3 Qd6 4. d4 Nf6 5. Bd3 a6 6. Nge2 e6 7. 0-0 Be7 8. Ne4 Qd8 9. c3 Nbd7 10. Ng5 c5 11. Nf4 0-0 12. Qc2 h6 13. Ngxe6 fxe6 14. Nxe6 Qb6 15. Bc4 Rf7 16. Re1 Qc6 17. Nf4 Nb6 18. Bxf7+ Kxf7 19. Qg6+ Kf8 20. Rxe7 Kxe7 21. Qxg7+ Kd8 22. Ng6 Nbd5 23. Bxh6 Bd7 24. c4 Nc7 25. d5 Ncxd5 26. cxd5 Nxd5 27. Rd1 Qe6 28. Nf8 1-0

[Event "MOR-chT 0405"]
[Site "Czech Republic"]
[Date "2004.10.10"]
[Round "2.1"]
[White "Dawidow, Jacek"]
[Black "Hracek, Zbynek"]
[Result "1/2-1/2"]
[WhiteElo "2331"]
[BlackElo "2579"]
[PlyCount "93"]
[EventDate "2004.10.09"]
[EventType "team"]
[EventRounds "11"]
[EventCountry "CZE"]
[SourceTitle "CBM 103 Extra"]
[Source "ChessBase"]
[SourceDate "2005.01.01"]
[SourceVersion "1"]
[SourceVersionDate "2005.01.01"]
[SourceQuality "1"]

1. d4 Nf6 2. Nf3 e6 3. Bf4 c5 4. c3 cxd4 5. cxd4 Qb6 6. Qb3 Qxb3 7. axb3 Nc6 8. Nc3 Bb4 9. Bd2 Ke7 10. e3 b6 11. Bd3 Bb7 12. Ra4 a6 13. Ke2 b5 14. Raa1 Ba5 15. d5 exd5 16. Nxd5+ Nxd5 17. Bxa5 Nxa5 18. Rxa5 Nb4 19. Raa1 g6 20. Rhg1 Rac8 21. Nd4 Rc5 22. f3 Rhc8 23. Kd2 h5 24. h4 Bd5 25. e4 Bb7 26. Ke3 d6 27. Rgd1 Kf6 28. Rd2 d5 29. Kf4 Nxd3+ 30. Rxd3 dxe4 31. fxe4 Re5 32. Re3 Rd8 33. Nf3 Rc5 34. Rae1 b4 35. R1e2 a5 36. Rf2 Ke7 37. Ree2 Rd3 38. Rd2 Rxd2 39. Rxd2 f6 40. e5 Bd5 41. exf6+ Kxf6 42. Ng5 Kg7 43. Rd3 Bxg2 44. Rd7+ Kf8 45. Rd8+ Kg7 46. Rd7+ Kf8 47. Rd8+ 1/2-1/2

[Event "POL-chT 2nd League"]
[Site "Polanica Zdroj"]
[Date "2004.09.11"]
[Round "10.43"]
[White "Dawidow, Jacek"]
[Black "Banasik, Henryk"]
[Result "1-0"]
[WhiteElo "2331"]
[BlackElo "2203"]
[PlyCount "59"]
[EventDate "2004.09.04"]
[EventType "team-swiss"]
[EventRounds "11"]
[EventCountry "POL"]
[SourceTitle "EXT 2019"]
[Source "ChessBase"]
[SourceDate "2018.10.10"]
[SourceVersion "1"]
[SourceVersionDate "2018.10.10"]
[SourceQuality "1"]
[WhiteTeam "Pawlowice GKS Pniowek 74"]
[BlackTeam "Bytom Szombierki"]
[WhiteTeamCountry "POL"]
[BlackTeamCountry "POL"]

1. d4 c5 2. d5 d6 3. Nc3 g6 4. e4 Bg7 5. f4 a6 6. a4 Nh6 7. Nf3 Bg4 8. Be2 Bxf3 9. Bxf3 f5 10. e5 dxe5 11. fxe5 Nd7 12. e6 Ne5 13. 0-0 Nc4 14. Qe2 Nd6 15. a5 Ng8 16. Ra4 Nf6 17. h3 h5 18. Qf2 Qc7 19. Be3 Ng4 20. Bxg4 hxg4 21. Bxc5 Rc8 22. Bb6 Qb8 23. Qg3 Bxc3 24. bxc3 Ne4 25. Qxb8 Rxb8 26. Bd4 Rh4 27. Be5 Rc8 28. Rxe4 fxe4 29. Bg7 Kd8 30. Rf8+ 1-0

[Event "POL-chT 2nd League"]
[Site "Polanica Zdroj"]
[Date "2004.09.07"]
[Round "5"]
[White "Pinkas, Karol"]
[Black "Dawidow, Jacek"]
[Result "1/2-1/2"]
[WhiteElo "2347"]
[BlackElo "2331"]
[PlyCount "22"]
[EventDate "2004.09.04"]
[EventType "team-swiss"]
[EventRounds "11"]
[EventCountry "POL"]
[SourceTitle "CBM 102 Extra"]
[Source "ChessBase"]
[SourceDate "2004.11.03"]
[SourceVersion "1"]
[SourceVersionDate "2004.11.03"]
[SourceQuality "1"]
[WhiteTeam "Jaworzno JKSz MCKiS II"]
[BlackTeam "Pawlowice GKS Pniowek 74"]
[WhiteTeamCountry "POL"]
[BlackTeamCountry "POL"]

1. e4 c5 2. Nf3 Nc6 3. d4 cxd4 4. Nxd4 Nf6 5. Nc3 e5 6. Ndb5 d6 7. Bg5 a6 8. Na3 Be6 9. Nc4 Nd4 10. Bd3 Be7 11. Bxf6 Bxf6 1/2-1/2